000
00264nam a2200109Ia 4500
008
200302s9999 xx 000 0 und d
100
_a
Charles Jencks
245
_a
What is Post-Modernism?
260
_b
Acdemy Editions Group LTd.
260
_c
1987
300
_a
56 P.,
999
_c
1792
_d
1792